Battle of the Baby Names: Girls Quiz Stats

Quiz Updated Aug 30, 2015

Challenge
Share
Tweet
Embed
Score 0/60 Timer 10:00
3 Plays Today
% Correct
Emma
76.3%
Emma
76.3%
Emma
74.4%
Emily
73.6%
Emily
73.3%
Emily
73.3%
Emily
73.3%
Emily
73.3%
Emily
73.3%
Sarah
65.8%
Olivia
60.7%
Olivia
60.7%
Olivia
60.7%
Olivia
59.9%
Sophia
56.5%
Olivia
54.9%
Isabella
54.5%
Isabella
54.5%
Isabella
54.5%
Madison
53.3%
Sophia
53.3%
Jessica
52.3%
Sophie
50.6%
Ava
50.5%
Ava
50.5%
Ava
50.5%
Sophie
50%
Sophie
49.8%
Sophie
49.8%
Charlotte
46.8%
% Correct
Charlotte
46.8%
Lily
46.7%
Ella
46.4%
Chloe
46.2%
Grace
45.7%
Grace
45.7%
Grace
45.7%
Ava
45.2%
Chloe
43.9%
Chloe
43.9%
Chloe
43.9%
Lily
43.5%
Lily
43.4%
Lily
43.4%
Ella
43.1%
Ella
43.1%
Zoe
42.4%
Abigail
39.9%
Katie
37.1%
Mia
36.5%
Mia
36.5%
Amelia
35.8%
Amelia
33.4%
Lucy
31.2%
Ruby
29.3%
Hailey
28.2%
Ruby
24%
Ruby
24%
Kaitlyn
18%
Sienna
7%

You're not logged in!

Compare scores with friends on all Sporcle quizzes.
Join for Free
OR
Log In

You Might Also Like...

Show Comments

Extras

Top Quizzes Today


Score Distribution

Your Account Isn't Verified!

In order to create a playlist on Sporcle, you need to verify the email address you used during registration. Go to your Sporcle Settings to finish the process.

Report this User

Report this user for behavior that violates our Community Guidelines.

Details: